000 00697nam a2200217 u 4500
005 20240910063923.0
008 080610s1986 r 000 0 eng d
020 _a8485334426
035 _aUPN01000156720
049 _aI
050 4 _aPZ36.3
_bF8.6
100 1 _aFuchs, Ursula
245 1 3 _aEl pequeño dragón verde /
_cUrsula Fuchs ; il. de Heinz Schindele ; tr. L. Rodríguez López.
260 _aSalamanca, Esp. :
_bLóguez,
_c1986.
300 _a59 p. :
_bil.
440 3 _aLa joven colección ;
_v6/9
534 _pTítulo original:
_tDer kleine grüne drache
650 2 _aDragones
_vLiteratura infantil
_911808
650 4 _aCuentos infantiles alemanes
_98589
905 _aInfantil
999 _c128834
_d128834